¡¡Adios mundo amargo!!! (Record no. 156143)

MARC details
000 -LEADER
campo de control de longitud fija 00905nam a2200217 i 4500
001 - NÚMERO DE CONTROL
campo de control 156143
003 - IDENTIFICADOR DE NÚMERO DE CONTROL
campo de control ES-MaACL
005 - FECHA Y HORA DE LA ÚLTIMA TRANSACCIÓN
campo de control 20251017063107.0
008 - DATOS DE LONGITUD FIJA--INFORMACIÓN GENERAL
campo de control de longitud fija 020416s1882 sp |||| | spa d
040 ## - FUENTE DE CATALOGACIÓN
Centro catalogador/agencia de origen CAM
Lengua de catalogación spa
Centro/agencia transcriptor CAM
100 1# - ENTRADA PRINCIPAL--NOMBRE DE PERSONA
Nombre de persona Jackson Cortés, Eduardo,
Fechas asociadas al nombre 1826-1890
9 (RLIN) 128236
245 12 - MENCIÓN DEL TÍTULO
Título ¡¡Adios mundo amargo!!!
Resto del título : suicidio cómico-lírico en dos actos y cuadros en verso y prosa /
Mención de responsabilidad, etc. letra de Eduardo Jackson Cortés y José Jackson Veyan; música de los Sres. Rubio y Espino.
260 ## - PUBLICACIÓN, DISTRIBUCIÓN, ETC.
Lugar de publicación, distribución, etc. Madrid :
Nombre del editor, distribuidor, etc. Enrique Arregui,
Fecha de publicación, distribución, etc. 1882.
300 ## - DESCRIPCIÓN FÍSICA
Extensión 44 p. ;
Dimensiones 20 cm.
500 #1 - NOTA GENERAL
Nota general Estrenado en los Jardines del Buen Retiro, en la noche del 19 de julio de 1882.
700 1# - ENTRADA AGREGADA--NOMBRE PERSONAL
Nombre de persona Jackson Veyán, José.
9 (RLIN) 65824
700 0# - ENTRADA AGREGADA--NOMBRE PERSONAL
Nombre de persona Rubio, Angel.
9 (RLIN) 100337
700 1# - ENTRADA AGREGADA--NOMBRE PERSONAL
Nombre de persona Espino, Casimiro.
9 (RLIN) 126964
852 ## - LOCALIZACIÓN
Ubicación ES-MaACL
Número de control de estantería F-4677
Nota libre -- Enc. hol.
-- -- Enc. en un vol. facticio
Holdings
Estatus retirado Estado de pérdida Estado de daño No para préstamo Colección Biblioteca de origen Biblioteca actual Ubicación en estantería Fecha de adquisición Fuente de adquisición Total de préstamos Signatura topográfica completa Código de barras Visto por última vez Precio de reemplazo Tipo de ítem Koha
        Libros del s. XIX Biblioteca del Ateneo de Madrid Biblioteca del Ateneo de Madrid Depósito 2 17/01/2008     F-4677 1163355 23/02/2023 23/02/2023 Libro impreso antiguo